LEADER 01295nam 2200349Ia 450 001 996394053403316 005 20221108094914.0 035 $a(CKB)4940000000118219 035 $a(EEBO)2240882223 035 $a(OCoLC)19542833 035 $a(EXLCZ)994940000000118219 100 $a19890413d1653 uy | 101 0 $aeng 135 $aurbn||||a|bb| 200 10$aEnchiridion arithmeticon, or, A manual of millions, or, Accounts ready cast up$b[electronic resource] $eto shew suddenly thereby, the true value of any commoditie at any price whatsoever .. 205 $aThis beeing [sic] the second edition, is now made more plain than the first. 210 $aLondon $cPrinted by J. Flesher, and are to be sold by Nicholas Bourn ...$d1653 215 $a[216] p 300 $aDedication signed: Richard Hodges. 300 $aWing "second" edition. 300 $aReproduction of original in the Huntington Library. 330 $aeebo-0113 606 $aReady-reckoners 615 0$aReady-reckoners. 700 $aHodges$b Richard$cSchool-Master.$0126611 801 0$bEAG 801 1$bEAG 801 2$bWaOLN 906 $aBOOK 912 $a996394053403316 996 $aEnchiridion arithmeticon, or, A manual of millions, or, Accounts ready cast up$92339315 997 $aUNISA LEADER 01174nam a2200253 i 4500 001 991000424509707536 008 081217s2008 it b 000 0 ita d 020 $a9788883639845 035 $ab13855220-39ule_inst 040 $aSet. Economia - SAGA$bita 082 04$a658.8 100 1 $aVescovi, Tiziano$0118001 245 13$aLa guida del Sole 24 ore al piano di marketing :$bgli strumenti e le modalità per pianificare la strategia giusta per ogni azienda : pianificazione strategica e relazioni con il mercato, cultura d'impresa e gestione per processi, creatività e operatività /$cTiziano Vescovi ; prefazione di Umberto Collesei 250 $a2. ed 260 $aMilano :$bIl Sole 24 ore,$c2008 300 $axi, 275 p. ;$c24 cm 504 $aBibliografia: p. 265-275 650 04$aMarketing$xPianificazione 907 $a.b13855220$b02-04-14$c05-11-09 912 $a991000424509707536 945 $aLE025 ECO 658.8 VES01.01$g1$i2025000229969$lle025$nProf. Maizza$o-$pE34.00$q-$rl$s- $t0$u19$v4$w19$x0$y.i15041712$z02-12-09 996 $aGuida del Sole 24 ore al piano di marketing$9228766 997 $aUNISALENTO 998 $ale025$b05-11-09$cm$da $e-$fita$git $h3$i0